Carregant...

CIVIL SOCIETY ORGANISATIONS AND PANCHAYATI RAJ INSTITUTIONS: A POSSIBLE SYNERGY

Dades bibliogràfiques
Autor principal: H. VAGEESHAN AND B. SUDARSHAN
Format: Journal Article
Publicat: Local Government Quarterly 2013
LEADER 00414nam a22001097a 4500
100 |a H. VAGEESHAN AND B. SUDARSHAN  |9 34723 
245 |a CIVIL SOCIETY ORGANISATIONS AND PANCHAYATI RAJ INSTITUTIONS: A POSSIBLE SYNERGY 
260 |b Local Government Quarterly   |c 2013 
300 |a p.97-104  |b October-December 2013 
942 |c JA 
999 |c 86386  |d 86386 
952 |0 0  |1 0  |4 0  |7 0  |9 78728  |a MGUL  |b MGUL  |c JA  |d 2016-06-18  |l 0  |r 2016-06-18  |w 2016-06-18  |y JA